Nord - mort subite - Statistiques

Statistiques générales
  • Ce quiz a été pris 48 fois
  • Le résultat moyen est 7 sur 18
Answers on the Grid
Answers color-coded by a green-red scale on the quiz's grid according to % correct below.
L'aéroport de Lille
L'Aa
Lens
Béthune
Tourcoing
Cysoing
Wavre
Dunkerque
Kigoma
Le siège social d'Auchan
Grande-Synthe
Vejle
Linfen
Rexpoëde
Valenciennes
Ptuj
Heist-op-den-Berg
Arras
Armentières
Kokand
Étrœungt
Deinze
Cambrai
Steenvoorde
Lommel
Uxem
Killem
Drammen
Vlorë
Hazebrouck
Vilvorde
Abbeville
Maubeuge
Douai
Beringen
Mbandaka
 
Statistiques - réponses
Réponse % Correct
Lille L'aéroport de Lille
84%
Tourcoing
71%
Dunkerque
58%
Valenciennes
55%
Croix (Lille) Le siège social d'Auchan
52%
Armentières
48%
Cambrai
48%
Douai
45%
Maubeuge
45%
Grande-Synthe
39%
Fleuve L'Aa
39%
Hazebrouck
35%
Steenvoorde
35%
Cysoing
26%
Étrœungt
16%
Killem
6%
Rexpoëde
6%
Uxem
6%
Aucun quiz correspondant
Distribution des résultats
% des personnes avec chaque résultat
Percentile par nombre de réponses
Votre historique - résultats
Vous n’avez pas pris ce quiz